000 00791nam a2200181Ia 4500
008 151202s9999||||xx |||||||||||||| ||und||
082 _bPNVM-72708
100 _aजोगळेकर ज.द.
245 _aयुगपरिवर्तनाच्या उंबरठ्यावरचे अरब जग.
260 _b"नवचैतन्य प्रकाशन,बोरोवली."
260 _c72708
300 _a176
600 _aजोगळेकर ज.द.
630 _aयुगपरिवर्तनाच्या उंबरठ्यावरचे अरब जग.
700 _aजोगळेकर ज.द.
730 _aयुगपरिवर्तनाच्या उंबरठ्यावरचे अरब जग.
942 _cBOOK
999 _c1339373
_d1339370